| 000 | 01379nam a22003735i 4500 | ||
|---|---|---|---|
| 999 |
_c3358 _d3358 |
||
| 003 | EG-ScBUE | ||
| 005 | 20201101112539.0 | ||
| 008 | 200219s2006 enk f b 001 0 eng d | ||
| 020 | _a0521869668 (hbk.) | ||
| 020 | _a9780521869669 (hbk.) | ||
| 035 | _a(OCoLC)ocm71347592 | ||
| 035 | _a(OCoLC)71347592 | ||
| 040 |
_aEG-ScBUE _beng _erda _cEG-ScBUE _dEG-ScBUE |
||
| 082 | 0 | 4 |
_a810.93580904 _bCHU _222 |
| 100 | 1 |
_aChu, Patricia E., _eauthor. |
|
| 245 | 1 | 0 |
_aRace, nationalism and the state in British and American modernism / _cPatricia E. Chu. |
| 250 | _aFirst edition. | ||
| 264 | 1 |
_aCambridge, UK ; _aNew York : _bCambridge University Press, _c2006. |
|
| 300 |
_axi, 196 pages ; _c24 cm |
||
| 336 |
_atext _btxt _2rdacontent |
||
| 337 |
_aunmediated _bn _2rdamedia |
||
| 338 |
_avolume _bnc _2rdacarrier |
||
| 504 | _aIncludes bibliographical references and index. | ||
| 650 | 7 |
_aRace in literature. _2BUEsh |
|
| 650 | 7 |
_aNationalism in literature. _2BUEsh |
|
| 650 | 7 |
_aState, The, in literature. _2BUEsh |
|
| 650 | 7 |
_aAmerican literature _y20th century _xHistory and criticism. _2BUEsh |
|
| 650 | 7 |
_aEnglish literature _y20th century _xHistory and criticism. _2BUEsh |
|
| 650 | 7 |
_aModernism (Literature) _zGreat Britain. _2BUEsh |
|
| 650 | 7 |
_aModernism (Literature) _zUnited States. _2BUEsh |
|
| 651 | _2BUEsh | ||
| 653 |
_bBUSBOL _cNovember2020 |
||
| 942 |
_cBB _2ddc |
||